Les plus grandes villes de l'ain en population - Statistiques

Statistiques générales
  • Ce quiz a été pris 49 fois
  • Le résultat moyen est 8 sur 18
Statistiques - réponses
Classement ville % Correct
1 Bourg
100%
2 Oyonnax
88%
5 Gex
75%
3 Amberieu
63%
7 Belley
55%
4 Bellegarde
45%
6 Miribel
45%
15 Péronnas
43%
9 Ferney-voltaire
40%
10 Divonne-les-bains
35%
11 Meximieux
33%
12 Trévoux
33%
17 Viriat
33%
8 St genis pouilly
30%
14 Montluel
28%
18 St denis les bourg
28%
13 Lagnieu
25%
16 Jassans
13%
Aucun quiz correspondant
Distribution des résultats
% des personnes avec chaque résultat
Percentile par nombre de réponses
Votre historique - résultats
Vous n’avez pas pris ce quiz